000 00647nam a2200217 a 4500
001 000043315
003 DO-SdBNP
005 20230926122204.0
007 ta
008 140307s2014 dr 000 0 spa d
020 _z97899934447071
040 _aDO-SdBNP
_bspa
_cBNPHU
082 4 _222
100 1 _aNacidit-Perdomo, Ylonka,
_d1965-
_924277
245 1 0 _aDentro del bosque :
_b(soliloquios) /
_cYlonka Nacidit-Perdomo.
260 _aSanto Domingo :
_bSantuario,
_c2014.
300 _a72 p. ;
_c23 cm.
500 _aIncluye datos biográficos de la autora en la solapa de la cubierta.
590 _aInventariado, 2022/BT
942 _2ddc
_cLBS1
999 _c42804
_d42804